000 00564nam a2200193Ia 4500
008 151121s9999||||xx |||||||||||||| ||und||
082 _a811/ढसाळ
082 _bHNW-116486
100 _aढसाळ नामदेव
245 _aगोलपीठा
260 _b"लोकवाङमय गृह, मुंबई।"
260 _c2014
300 _a78
600 _aढसाळ नामदेव
630 _aगोलपीठा
700 _aढसाळ नामदेव
730 _aगोलपीठा
942 _cBOOK
999 _c1265127
_d1265124